[Event "Leiden op-A 12th"]
[Site "Leiden"]
[Date "2018.07.13"]
[Round "1"]
[White "Kerkvliet, Maximiliaan"]
[Black "Nihal, Sarin"]
[Result "0-1"]
[WhiteElo "2166"]
[BlackElo "2551"]
[PlyCount "56"]
[EventDate "2018.07.13"]
[EventType "swiss"]
[EventRounds "9"]
[EventCountry "NED"]
[SourceTitle "CBM 185 Extra"]
[Source "ChessBase"]
[SourceDate "2018.07.29"]
[SourceVersion "1"]
[SourceVersionDate "2018.07.29"]
[SourceQuality "1"]

1. d4 Nf6 2. Nf3 e6 3. c4 d5 4. Nc3 Bb4 5. e3 0-0 6. Bd2 b6 7. cxd5 exd5 8. a3 Bd6 9. Qc2 a6 10. Bd3 Bb7 11. 0-0 Qe7 12. Nh4 g6 13. g3 Nbd7 14. Rae1 Rfe8 15. f4 c5 16. Nf3 Rac8 17. Qd1 b5 18. Kg2 Ne4 19. Bb1 Nb6 20. dxc5 Nxc5 21. Nd4 Nc4 22. Bc1 Ne4 23. Nxe4 dxe4 24. Ba2 Red8 25. Qe2 Bc5 26. Nc2 Bb6 27. Rd1 Rd3 28. Nb4 Rxe3 0-1

[Event "Leiden LCT op-A 11th"]
[Site "Leiden"]
[Date "2017.07.23"]
[Round "9"]
[White "Oosterom, Erik"]
[Black "Kerkvliet, Maximiliaan"]
[Result "0-1"]
[WhiteElo "2099"]
[BlackElo "2187"]
[PlyCount "86"]
[EventDate "2017.07.14"]
[EventType "swiss"]
[EventRounds "9"]
[EventCountry "NED"]
[SourceTitle "EXT 2018"]
[Source "ChessBase"]
[SourceDate "2017.10.13"]
[SourceVersion "1"]
[SourceVersionDate "2017.10.13"]
[SourceQuality "1"]

1. Nf3 d5 2. d4 Nf6 3. c4 c6 4. Nc3 e6 5. e3 Nbd7 6. Be2 dxc4 7. a4 a5 8. Bxc4 Nb6 9. Bd3 Nbd5 10. 0-0 Be7 11. Qe2 Nb4 12. Bc4 0-0 13. Rd1 Qc7 14. e4 h6 15. h3 b6 16. b3 Bb7 17. Bb2 Rad8 18. Rac1 Rfe8 19. e5 Nd7 20. Ne4 Qb8 21. Ne1 Qa8 22. Qg4 c5 23. Ng3 Bf8 24. Bb5 Re7 25. Nh5 Kh8 26. Nd3 Nxd3 27. Rxd3 Be4 28. Rg3 Bf5 29. Qf4 g6 30. Nf6 Nxf6 31. exf6 Ra7 32. dxc5 bxc5 33. Re3 g5 34. Qc4 Rd5 35. g4 Bg6 36. Qe2 Rd8 37. Bc4 Bd6 38. Rd1 Bf4 39. Rxd8+ Qxd8 40. Rf3 Rd7 41. Rxf4 gxf4 42. Qe5 Rd1+ 43. Kg2 Qa8+ 0-1

[Event "NED-chT 1617"]
[Site "Netherlands"]
[Date "2017.05.06"]
[Round "9.8"]
[White "Schippers, Maurice"]
[Black "Kerkvliet, Maximiliaan"]
[Result "1-0"]
[WhiteElo "2234"]
[BlackElo "2202"]
[PlyCount "89"]
[EventDate "2016.09.17"]
[EventType "team-tourn"]
[EventRounds "9"]
[EventCountry "NED"]
[SourceTitle "EXT 2018"]
[Source "ChessBase"]
[SourceDate "2017.10.13"]
[SourceVersion "1"]
[SourceVersionDate "2017.10.13"]
[SourceQuality "1"]
[WhiteTeam "Groningen Combinatie"]
[BlackTeam "Kennemer Combinatie"]
[WhiteTeamCountry "NED"]
[BlackTeamCountry "NED"]

1. e4 d5 2. exd5 Qxd5 3. Nc3 Qd6 4. d4 Nf6 5. Nf3 c6 6. Ne5 Nbd7 7. Bf4 Nd5 8. Nxd5 Qxd5 9. Nf3 Nb6 10. Be2 Bg4 11. 0-0 e6 12. h3 Bh5 13. b3 Be7 14. c4 Qd8 15. Qd2 0-0 16. Rad1 f6 17. Ne1 Bf7 18. Nc2 Qd7 19. Rfe1 Rfe8 20. Bg4 h5 21. Bf3 Rad8 22. Qa5 g5 23. Bh2 Nc8 24. a4 Bd6 25. Bxd6 Qxd6 26. Qc3 Ne7 27. Ne3 Kg7 28. b4 Qc7 29. b5 Kg6 30. Nf1 f5 31. g3 g4 32. hxg4 hxg4 33. Bg2 Ng8 34. bxc6 bxc6 35. c5 Nf6 36. Ne3 Nd5 37. Bxd5 exd5 38. Ng2 Re4 39. Qd2 Rde8 40. Nh4+ Kf6 41. Qh6+ Ke7 42. Nxf5+ Kd7 43. Rxe4 Rxe4 44. Qg7 Ke6 45. Nd6 1-0

[Event "NED-chT 1617"]
[Site "Netherlands"]
[Date "2017.03.11"]
[Round "7.5"]
[White "Kerkvliet, Maximiliaan"]
[Black "De Jong, Jan Willem"]
[Result "1/2-1/2"]
[WhiteElo "2202"]
[BlackElo "2454"]
[PlyCount "86"]
[EventDate "2016.09.17"]
[EventType "team-tourn"]
[EventRounds "9"]
[EventCountry "NED"]
[SourceTitle "EXT 2018"]
[Source "ChessBase"]
[SourceDate "2017.10.13"]
[SourceVersion "1"]
[SourceVersionDate "2017.10.13"]
[SourceQuality "1"]
[WhiteTeam "Kennemer Combinatie"]
[BlackTeam "Leiden LSG"]
[WhiteTeamCountry "NED"]
[BlackTeamCountry "NED"]

1. d4 Nf6 2. Nf3 g6 3. c4 Bg7 4. Nc3 d5 5. Bf4 0-0 6. Rc1 dxc4 7. e3 Be6 8. Ng5 Bg4 9. f3 Bc8 10. Bxc4 h6 11. Nge4 Ne8 12. 0-0 Nc6 13. Qe2 Nd6 14. Bd3 Nf5 15. d5 Ne5 16. Bb1 c6 17. dxc6 bxc6 18. Nc5 g5 19. Bg3 Nxg3 20. hxg3 Qa5 21. N3a4 Rd8 22. Rfd1 Rd6 23. b3 Rb8 24. Qc2 Ng6 25. Ne4 Rxd1+ 26. Rxd1 Qc7 27. g4 Be5 28. Qd3 Kg7 29. Nac5 Nf8 30. Kf2 Rb5 31. Rc1 e6 32. Na4 Rd5 33. Qc2 f5 34. gxf5 exf5 35. Nec3 Rd8 36. Ne2 Rd6 37. Qc5 Nd7 38. Qc2 Nf6 39. Nac3 Qf7 40. Rh1 Qd7 41. Rd1 Rxd1 42. Nxd1 Nd5 43. Nb2 Ba6 1/2-1/2

[Event "Leiden op-A 10th"]
[Site "Leiden"]
[Date "2016.07.22"]
[Round "7"]
[White "Kerkvliet, Maximiliaan"]
[Black "Ikonnikov, Vyacheslav"]
[Result "0-1"]
[WhiteElo "2210"]
[BlackElo "2538"]
[PlyCount "124"]
[EventDate "2016.07.15"]
[EventType "swiss"]
[EventRounds "9"]
[EventCountry "NED"]
[SourceTitle "CBM 173 Extra"]
[Source "ChessBase"]
[SourceDate "2016.08.29"]
[SourceVersion "1"]
[SourceVersionDate "2016.08.29"]
[SourceQuality "1"]

1. d4 Nf6 2. Nf3 g6 3. g3 Bg7 4. Bg2 0-0 5. 0-0 d6 6. c4 c6 7. Nc3 a6 8. Qb3 b5 9. e4 Bg4 10. cxb5 axb5 11. Be3 Na6 12. a3 Nd7 13. Rfd1 Rb8 14. Ne2 Nb6 15. h3 Bxf3 16. Bxf3 Nc4 17. Rab1 Qb6 18. Bg2 c5 19. dxc5 Nxc5 20. Bxc5 dxc5 21. Nc3 Bd4 22. Qc2 e6 23. Bf1 Nd6 24. Kh2 b4 25. axb4 cxb4 26. Na4 Qa7 27. b3 Rfc8 28. Qd2 e5 29. f3 Rc6 30. Bd3 Be3 31. Qb2 f6 32. Qe2 Kg7 33. Rb2 Bd4 34. Rc2 Rxc2 35. Qxc2 Rc8 36. Qd2 Bc3 37. Qe2 Qf7 38. Rb1 Rc6 39. Kg2 Bd4 40. Kh2 Qc7 41. Rd1 g5 42. Kg2 h5 43. Qd2 Bc3 44. Qe2 Qf7 45. Rc1 Kh6 46. Qc2 h4 47. g4 Qa7 48. Qf2 Bd4 49. Qd2 Qc7 50. Rd1 Bc3 51. Qf2 Nb7 52. Bc4 Na5 53. Bd5 Bd4 54. Rxd4 exd4 55. Bxc6 Nxc6 56. Nc5 Qd6 57. Nd3 Ne5 58. Ne1 d3 59. Qd2 Kg6 60. Kf1 Kf7 61. Kf2 Qd4+ 62. Kf1 Qc3 0-1

[Event "Leiden op-A 10th"]
[Site "Leiden"]
[Date "2016.07.22"]
[Round "6"]
[White "Sukandar, Irine Kharisma"]
[Black "Kerkvliet, Maximiliaan"]
[Result "1-0"]
[WhiteElo "2419"]
[BlackElo "2210"]
[PlyCount "39"]
[EventDate "2016.07.15"]
[EventType "swiss"]
[EventRounds "9"]
[EventCountry "NED"]
[SourceTitle "CBM 173 Extra"]
[Source "ChessBase"]
[SourceDate "2016.08.29"]
[SourceVersion "1"]
[SourceVersionDate "2016.08.29"]
[SourceQuality "1"]

1. e4 d5 2. exd5 Qxd5 3. Nc3 Qd6 4. d4 Nf6 5. Nf3 c6 6. Ne5 Nbd7 7. Nc4 Qc7 8. Qf3 Nb6 9. Bf4 Qd7 10. Nxb6 axb6 11. 0-0-0 Qg4 12. Qe3 Nd5 13. Nxd5 cxd5 14. f3 Qg6 15. Qb3 Bd7 16. Qxd5 Qc6 17. Qb3 e6 18. d5 exd5 19. Rxd5 Bc5 20. Rxd7 1-0

[Event "Leiden op-A 9th"]
[Site "Leiden"]
[Date "2015.07.24"]
[Round "7"]
[White "Kerkvliet, Maximiliaan"]
[Black "Dellert, Lena"]
[Result "1-0"]
[WhiteElo "2186"]
[BlackElo "1835"]
[PlyCount "67"]
[EventDate "2015.07.17"]
[EventType "swiss"]
[EventRounds "9"]
[EventCountry "NED"]
[SourceTitle "CBM 167 Extra"]
[Source "ChessBase"]
[SourceDate "2015.09.14"]
[SourceVersion "1"]
[SourceVersionDate "2015.09.14"]
[SourceQuality "1"]

1. d4 f5 2. Nf3 Nf6 3. g3 e6 4. Bg2 d5 5. 0-0 Bd6 6. c4 c6 7. b3 Qe7 8. Bb2 b6 9. Ne5 Bb7 10. Nd2 0-0 11. f4 Ne4 12. Rc1 Nd7 13. cxd5 cxd5 14. Nxe4 dxe4 15. Nc6 Bxc6 16. Rxc6 Nf6 17. e3 Rac8 18. Qc2 Rxc6 19. Qxc6 Nd5 20. Bc1 Nb4 21. Qc4 Nxa2 22. Bd2 Nb4 23. Bxb4 Bxb4 24. Kf2 Rd8 25. Rc1 Kf7 26. Bf1 a5 27. Qb5 Rd6 28. Bc4 Qd7 29. Qxf5+ Kg8 30. Qxe4 b5 31. Bd3 g6 32. Qe5 Rd5 33. Qb8+ Qd8 34. Rc8 1-0

[Event "Leiden op-A 8th"]
[Site "Leiden"]
[Date "2014.07.11"]
[Round "1"]
[White "Kerkvliet, Maximiliaan"]
[Black "Horvath, Csaba"]
[Result "1/2-1/2"]
[WhiteElo "2091"]
[BlackElo "2542"]
[PlyCount "128"]
[EventDate "2014.07.11"]
[EventType "swiss"]
[EventRounds "9"]
[EventCountry "NED"]
[SourceTitle "CBM 161 Extra"]
[Source "ChessBase"]
[SourceDate "2014.08.29"]
[SourceVersion "1"]
[SourceVersionDate "2014.08.29"]
[SourceQuality "1"]

1. d4 g6 2. Nf3 Bg7 3. c4 Nf6 4. Nc3 0-0 5. g3 d6 6. Bg2 c6 7. 0-0 a6 8. a4 a5 9. b3 Na6 10. Ba3 Qb6 11. Rc1 Rd8 12. e3 e5 13. Ne2 Bf5 14. h3 Nb4 15. g4 Be4 16. g5 Nh5 17. Ne1 Bxg2 18. Nxg2 h6 19. h4 hxg5 20. hxg5 Re8 21. Qd2 exd4 22. Nxd4 Qc5 23. Nc2 Qxg5 24. Nxb4 axb4 25. Bxb4 Nf6 26. f4 Qh5 27. Qf2 Re6 28. Qf3 Ng4 29. Qg3 Rae8 30. Rce1 f5 31. Bd2 Kf7 32. Qh4 Qxh4 33. Nxh4 Nxe3 34. Rf3 Bd4 35. Kh1 Rh8 36. Rh3 Ng4 37. Kg2 Rhe8 38. Rxe6 Rxe6 39. Nf3 Re2+ 40. Kf1 Rf2+ 41. Ke1 Bf6 42. b4 d5 43. cxd5 cxd5 44. a5 d4 45. Ng5+ Bxg5 46. fxg5 Rg2 47. b5 Ke6 48. Ra3 Rh2 49. a6 bxa6 50. bxa6 Rh8 51. a7 Ra8 52. Bf4 Kd5 53. Bb8 Ke4 54. Ra6 f4 55. Rxg6 f3 56. Rg8 f2+ 57. Kf1 d3 58. Rd8 Kf5 59. Rxd3 Kxg5 60. Rd8 Kf5 61. Rg8 Nf6 62. Rf8 Ke6 63. Kxf2 Nd7 64. Re8+ Kd5 1/2-1/2

[Event "Haarlem Nova College op-A 12th"]
[Site "Haarlem"]
[Date "2013.06.29"]
[Round "3"]
[White "Kerkvliet, Maximiliaan"]
[Black "Jonkman, Harmen"]
[Result "0-1"]
[WhiteElo "2042"]
[BlackElo "2425"]
[PlyCount "62"]
[EventDate "2013.06.28"]
[EventType "swiss"]
[EventRounds "6"]
[EventCountry "NED"]
[SourceTitle "EXT 2015"]
[Source "ChessBase"]
[SourceDate "2014.11.20"]
[SourceVersion "1"]
[SourceVersionDate "2014.11.20"]
[SourceQuality "1"]

1. d4 d5 2. c4 dxc4 3. Nf3 Nf6 4. Qa4+ c6 5. Qxc4 e6 6. Nc3 b5 7. Qd3 Nbd7 8. g3 a6 9. Bg2 Bb7 10. Nd2 Be7 11. 0-0 0-0 12. Nde4 Nd5 13. h4 h6 14. Nxd5 cxd5 15. Nc3 b4 16. Nd1 a5 17. Re1 Ba6 18. Qf3 f5 19. Bf4 g5 20. Qh5 Kg7 21. Be5+ Nxe5 22. dxe5 Qc7 23. f4 g4 24. Nf2 Qb6 25. e3 Bb5 26. Nxg4 fxg4 27. Kh1 Bd3 28. Qxg4+ Kh7 29. Rad1 Rg8 30. Qh5 Bf5 31. Rxd5 Bg6 0-1

[Event "Vlissingen HZ op 13th"]
[Site "Vlissingen"]
[Date "2009.08.02"]
[Round "2"]
[White "Kerkvliet, Maximiliaan"]
[Black "De Jong, Migchiel"]
[Result "0-1"]
[WhiteElo "2037"]
[BlackElo "2319"]
[PlyCount "88"]
[EventDate "2009.08.01"]
[EventType "swiss"]
[EventRounds "9"]
[EventCountry "NED"]
[SourceTitle "CBM 131 Extra"]
[Source "ChessBase"]
[SourceDate "2009.09.03"]
[SourceVersion "2"]
[SourceVersionDate "2009.09.16"]
[SourceQuality "1"]

1. d4 e6 2. c4 Bb4+ 3. Nc3 f5 4. g3 Nf6 5. Bg2 0-0 6. Nf3 Ne4 7. Bd2 Bxc3 8. Bxc3 d6 9. Qc2 Nd7 10. 0-0 Qe7 11. Nd2 Nxc3 12. Qxc3 e5 13. e3 a5 14. Nb3 a4 15. Nd2 c6 16. b4 axb3 17. axb3 Rxa1 18. Qxa1 Nf6 19. Qc3 exd4 20. Qxd4 Be6 21. Ra1 d5 22. Ra7 dxc4 23. Nxc4 Qb4 24. Nd6 Qe1+ 25. Bf1 Ne4 26. Nxe4 fxe4 27. Qb2 Rf6 28. Rxb7 Bh3 29. Qe2 Qxe2 30. Bxe2 Rd6 31. Ra7 Rd2 32. Bc4+ Kf8 33. Ra1 Rb2 34. Rc1 Ke7 35. Bg8 g6 36. Bxh7 Kf7 37. Bxg6+ Kxg6 38. Rxc6+ Kg5 39. Rc1 Kg4 40. f4 exf3 41. Rc4+ Kg5 42. Rc5+ Kf6 43. Rc6+ Ke7 44. Rc7+ Ke8 0-1

[Event "Vlissingen HZ op 12th"]
[Site "Vlissingen"]
[Date "2008.08.03"]
[Round "2"]
[White "Kerkvliet, Maximiliaan"]
[Black "De Jong, Migchiel"]
[Result "1/2-1/2"]
[WhiteElo "2042"]
[BlackElo "2324"]
[PlyCount "85"]
[EventDate "2008.08.02"]
[EventType "swiss"]
[EventRounds "9"]
[EventCountry "NED"]
[SourceTitle "CBM 125 Extra"]
[Source "ChessBase"]
[SourceDate "2008.09.01"]
[SourceVersion "1"]
[SourceVersionDate "2008.09.01"]
[SourceQuality "1"]

1. d4 Nf6 2. c4 g6 3. Nc3 Bg7 4. e4 d6 5. f3 0-0 6. Be3 e5 7. d5 Nh5 8. g4 Nf4 9. Qd2 f5 10. gxf5 gxf5 11. 0-0-0 fxe4 12. fxe4 Nd7 13. Nge2 Nc5 14. Nxf4 exf4 15. Bxf4 Bg4 16. Re1 Qf6 17. Be3 Rae8 18. Rg1 Qh4 19. Be2 Bxe2 20. Rxe2 Nxe4 21. Nxe4 Rxe4 22. Reg2 Rf7 23. Bh6 Ree7 24. Rg4 Qh3 25. Rxg7+ Rxg7 26. Bxg7 Rxg7 27. Rxg7+ Kxg7 28. Qd4+ Kg6 29. Qf2 a5 30. Qe2 Qf5 31. Qe8+ Kh6 32. Qe2 b6 33. b3 Qf4+ 34. Kb2 Qe5+ 35. Qxe5 dxe5 36. a3 Kg5 37. b4 axb4 38. axb4 Kf5 39. c5 bxc5 40. bxc5 e4 41. Kc3 Ke5 42. d6 cxd6 43. cxd6 1/2-1/2